[Event "DVM U14w 2017"]
[Site "Neumünster GER"]
[Date "2017.12.30"]
[Round "7"]
[White "Schulz, Hannah"]
[Black "Wastian, Mareike"]
[Result "1-0"]
[Termination "normal"]
[Board "5.2"]
[WhiteElo "1478"]
[BlackElo "1660"]
[WhiteTeam "Karlsruher SF"]
[BlackTeam "SF Brackel"]
[PlyCount "39"]
[WhiteFideId "16244745"]
[BlackFideId "12947423"]
[EventCountry "GER"]
[EventRounds "7"]
[EventType "team-swiss"]
[EventDate "2017.12.26"]

1. e4 d5 2. exd5 Nf6 3. d4 Bg4 4. Be2 Bxe2 5. Qxe2 Qxd5 6. Nf3 Nc6 7. c4 Qf5 8.
O-O O-O-O 9. d5 Nb4 10. a3 Nd3 11. Be3 Kb8 12. Rd1 Nf4 13. Bxf4 Qxf4 14. Nc3 g6
15. a4 Qd6 16. Ne5 Bg7 17. Nxf7 Qd7 18. Nxh8 Bxh8 19. a5 Rf8 20. Qe6 1-0

[Event "DVM U14w 2017"]
[Site "Neumünster GER"]
[Date "2017.12.30"]
[Round "7"]
[White "Bünte, Kirsten"]
[Black "Chung, Dana"]
[Result "1-0"]
[Termination "normal"]
[Board "5.3"]
[WhiteElo "1433"]
[BlackElo "1282"]
[WhiteTeam "SF Brackel"]
[BlackTeam "Karlsruher SF"]
[PlyCount "115"]
[WhiteFideId "16200535"]
[BlackFideId "16235290"]
[EventCountry "GER"]
[EventRounds "7"]
[EventType "team-swiss"]
[EventDate "2017.12.26"]

1. d4 d5 2. c4 e6 3. Nc3 Nf6 4. Bg5 Nbd7 5. e3 c6 6. Nf3 Be7 7. Qc2 Qc7 8. Bd3
h6 9. Bf4 Bd6 10. Bg3 Bxg3 11. hxg3 b6 12. Rc1 Bb7 13. O-O c5 14. cxd5 Nxd5 15.
Nxd5 Bxd5 16. b3 Rc8 17. Be4 Bxe4 18. Qxe4 O-O 19. Qc2 Qd6 20. Qd2 Rc7 21. Rfd1
Rfc8 22. Kf1 Rc6 23. Rc2 cxd4 24. Rxc6 Qxc6 25. Nxd4 Qc3 26. Qxc3 Rxc3 27. Nb5
Rc5 28. Rxd7 Rxb5 29. Rxa7 Ra5 30. Rxa5 bxa5 31. Ke2 Kf8 32. Kd3 Ke8 33. Kc4
Kd8 34. Kb5 Kc8 35. Kxa5 Kb7 36. Kb5 h5 37. Kc5 Kc7 38. a4 g5 39. a5 f6 40. b4
e5 41. Kd5 Kd7 42. a6 Kc7 43. b5 g4 44. Ke6 f5 45. Kxf5 e4 46. Kxe4 h4 47. gxh4
Kc8 48. a7 Kb7 49. b6 Ka8 50. h5 Kb7 51. h6 Ka8 52. h7 Kb7 53. h8=Q Kxb6 54.
Qb8+ Kc5 55. a8=R Kc4 56. Qc7+ Kb4 57. Rb8+ Ka4 58. Qa7# 1-0

[Event "DVM U14w 2017"]
[Site "Neumünster GER"]
[Date "2017.12.30"]
[Round "7"]
[White "Shevchenko, Alyona"]
[Black "Elier, Basmalah"]
[Result "1-0"]
[Termination "normal"]
[Board "5.4"]
[WhiteElo "1176"]
[BlackElo "959"]
[WhiteTeam "Karlsruher SF"]
[BlackTeam "SF Brackel"]
[PlyCount "93"]
[WhiteFideId "12983420"]
[BlackFideId "16223004"]
[EventCountry "GER"]
[EventRounds "7"]
[EventType "team-swiss"]
[EventDate "2017.12.26"]

1. e4 e5 2. Nf3 Nc6 3. Nc3 Bc5 4. Nxe5 Nxe5 5. d4 Bxd4 6. Qxd4 Ng6 7. Qxg7 Qf6
8. Qxf6 Nxf6 9. Bd3 Nf4 10. Bxf4 Rg8 11. g3 d6 12. e5 dxe5 13. Bxe5 Ng4 14.
Bxc7 Kd7 15. Bf4 Re8+ 16. Ne2 b6 17. h3 Nf6 18. Bb5+ Kd8 19. Bxe8 Kxe8 20.
O-O-O Ne4 21. Rdf1 Ba6 22. Kd1 Rd8+ 23. Ke1 Nd2 24. Bxd2 Rd7 25. f4 Re7 26. Rh2
f5 27. Rf3 Kf7 28. Re3 Rc7 29. Rc3 Re7 30. g4 fxg4 31. hxg4 Kg8 32. Re3 Rc7 33.
Nc3 b5 34. Kd1 Rf7 35. Re5 b4 36. Ne2 Kg7 37. Bxb4 Kg6 38. Rg5+ Kf6 39. Rf5+
Kg7 40. Rxf7+ Kxf7 41. Rxh7+ Kg6 42. Rxa7 Bxe2+ 43. Kxe2 Kf6 44. Rd7 Kg6 45. a4
Kf6 46. a5 Ke6 47. Rd3 1-0

[Event "DVM U14w 2017"]
[Site "Neumünster GER"]
[Date "2017.12.30"]
[Round "7"]
[White "Ziegenfuß, Antonia"]
[Black "Fricke, Edna Marlene"]
[Result "1-0"]
[Termination "normal"]
[Board "6.1"]
[WhiteElo "1834"]
[BlackElo "1410"]
[WhiteTeam "OSG Baden-Baden"]
[BlackTeam "SV SF Friedrichshagen"]
[PlyCount "39"]
[WhiteFideId "12962554"]
[BlackFideId "12988839"]
[EventCountry "GER"]
[EventRounds "7"]
[EventType "team-swiss"]
[EventDate "2017.12.26"]

1. d4 d5 2. c4 e6 3. Nc3 c5 4. cxd5 exd5 5. Nf3 Nc6 6. dxc5 d4 7. Na4 b5 8.
cxb6 axb6 9. e3 b5 10. Bxb5 Qa5+ 11. Nc3 dxc3 12. Bxc6+ Ke7 13. b4 Qa6 14. b5
Qa5 15. Bxa8 Qxa8 16. Qb3 Qa5 17. Ne5 Bb7 18. Ba3+ Ke8 19. Qxf7+ Kd8 20. Qd7#
1-0

[Event "DVM U14w 2017"]
[Site "Neumünster GER"]
[Date "2017.12.30"]
[Round "7"]
[White "Kirschner, Elena"]
[Black "Visvikis, Kassandra"]
[Result "1-0"]
[Termination "normal"]
[Board "6.2"]
[WhiteElo "1346"]
[BlackElo "1473"]
[WhiteTeam "SV SF Friedrichshagen"]
[BlackTeam "OSG Baden-Baden"]
[PlyCount "57"]
[WhiteFideId "16205804"]
[BlackFideId "36052167"]
[EventCountry "GER"]
[EventRounds "7"]
[EventType "team-swiss"]
[EventDate "2017.12.26"]

1. e4 e5 2. Nf3 Nc6 3. Bc4 Bc5 4. c3 Nf6 5. d3 d6 6. Bb3 O-O 7. O-O Ne7 8. h3
Ng6 9. Re1 Be6 10. Bc2 Qd7 11. Ng5 Qe7 12. Nxe6 fxe6 13. Be3 Bxe3 14. fxe3 Nd7
15. Nd2 Qh4 16. Nf3 Qg3 17. Rf1 Nh4 18. Nxh4 Qxh4 19. Qe2 Nf6 20. Bb3 Rfe8 21.
Qf3 Qh5 22. Qg3 Qe2 23. Rxf6 Qxd3 24. Bxe6+ Kh8 25. Rf7 g6 26. Qh4 Qxe3+ 27.
Kh2 Qf4+ 28. Rxf4 exf4 29. Qf6# 1-0

[Event "DVM U14w 2017"]
[Site "Neumünster GER"]
[Date "2017.12.30"]
[Round "7"]
[White "Martin, Anastasia"]
[Black "Kessen, Fanny"]
[Result "1-0"]
[Termination "normal"]
[Board "6.3"]
[WhiteElo "1287"]
[BlackElo "1203"]
[WhiteTeam "OSG Baden-Baden"]
[BlackTeam "SV SF Friedrichshagen"]
[PlyCount "77"]
[WhiteFideId "36098434"]
[BlackFideId "16217357"]
[EventCountry "GER"]
[EventRounds "7"]
[EventType "team-swiss"]
[EventDate "2017.12.26"]

1. e4 c5 2. Nf3 Nc6 3. d4 cxd4 4. Nxd4 g6 5. Nc3 Bg7 6. Be3 d6 7. Qd2 Nf6 8. f3
O-O 9. O-O-O a6 10. g4 Bd7 11. h4 b5 12. h5 b4 13. Nxc6 Bxc6 14. Nd5 a5 15.
hxg6 fxg6 16. Bh6 Rb8 17. Bxg7 Kxg7 18. Qh6+ Kg8 19. Nxf6+ Rxf6 20. Bc4+ e6 21.
g5 Rf7 22. Bxe6 Rbb7 23. Qxh7+ Kf8 24. Bxf7 Rxf7 25. Qh8+ Ke7 26. Qxd8+ Kxd8
27. Rxd6+ Kc7 28. Rxg6 Rxf3 29. e5 Re3 30. Rh7+ Kb6 31. e6 Be4 32. Rhh6 Bxg6
33. Rxg6 Re5 34. Rf6 Kc7 35. g6 Kd8 36. g7 Rg5 37. Rf8+ Ke7 38. g8=Q Rxg8 39.
Rxg8 1-0

[Event "DVM U14w 2017"]
[Site "Neumünster GER"]
[Date "2017.12.30"]
[Round "7"]
[White "de Veer, Mara"]
[Black "Kisner, Monica"]
[Result "1-0"]
[Termination "normal"]
[Board "6.4"]
[WhiteElo "1207"]
[BlackElo "800"]
[WhiteTeam "SV SF Friedrichshagen"]
[BlackTeam "OSG Baden-Baden"]
[PlyCount "67"]
[WhiteFideId "16217349"]
[EventCountry "GER"]
[EventRounds "7"]
[EventType "team-swiss"]
[EventDate "2017.12.26"]

1. e4 e5 2. Nf3 Nc6 3. Bc4 Nd4 4. c3 Nxf3+ 5. Qxf3 Qf6 6. Qxf6 Nxf6 7. d3 Bc5
8. Nd2 Ng4 9. O-O d6 10. h3 Nf6 11. Nf3 O-O 12. b4 Bb6 13. a4 a5 14. Bd2 c6 15.
Bb3 Be6 16. Bc2 d5 17. exd5 Nxd5 18. Nxe5 f6 19. Nc4 axb4 20. Nxb6 Nxb6 21.
cxb4 Bf5 22. Be3 Nc4 23. dxc4 Bxc2 24. a5 Bb3 25. Rfc1 Rfc8 26. Rc3 Rd8 27. Rb1
Rd1+ 28. Rxd1 Bxd1 29. Kf1 Ba4 30. Ra3 b5 31. axb6 c5 32. b7 cxb4 33. bxa8=Q+
Kf7 34. Rxa4 1-0

[Event "DVM U14w 2017"]
[Site "Neumünster GER"]
[Date "2017.12.30"]
[Round "7"]
[White "Wagner, Victoria"]
[Black "Schwegler, Jelena"]
[Result "1/2-1/2"]
[Termination "normal"]
[Board "7.1"]
[WhiteElo "1560"]
[BlackElo "1544"]
[WhiteTeam "Erfurter SK"]
[BlackTeam "SK Bad Homburg"]
[PlyCount "83"]
[WhiteFideId "16232348"]
[BlackFideId "16225481"]
[EventCountry "GER"]
[EventRounds "7"]
[EventType "team-swiss"]
[EventDate "2017.12.26"]

1. e4 e5 2. Nf3 Nc6 3. Bc4 Bc5 4. O-O Nf6 5. d3 d6 6. c3 h6 7. a4 a6 8. Nbd2
Be6 9. Re1 O-O 10. h3 Qd7 11. Nf1 Bxc4 12. dxc4 Ne7 13. Nh4 Qc6 14. Qf3 Nh7 15.
Be3 f5 16. exf5 Qxf3 17. Nxf3 Bxe3 18. Nxe3 Nxf5 19. Rad1 Nxe3 20. Rxe3 b6 21.
b4 Nf6 22. Nd2 Rae8 23. Ne4 Nxe4 24. Rxe4 Rf6 25. Rde1 Ref8 26. R1e2 Rf4 27. g3
Rxe4 28. Rxe4 Rf3 29. Re3 Rxe3 30. fxe3 Kf7 31. e4 g5 32. g4 Ke6 33. Kf2 c6 34.
Ke3 d5 35. Kd3 dxe4+ 36. Kxe4 Kd6 37. Kd3 Ke6 38. Ke4 b5 39. axb5 axb5 40. c5
Kf6 41. Kd3 Ke7 42. Ke3 1/2-1/2

[Event "DVM U14w 2017"]
[Site "Neumünster GER"]
[Date "2017.12.30"]
[Round "7"]
[White "Tornay, Haizea"]
[Black "Günther, Amelie"]
[Result "1/2-1/2"]
[Termination "normal"]
[Board "7.2"]
[WhiteElo "1320"]
[BlackElo "1467"]
[WhiteTeam "SK Bad Homburg"]
[BlackTeam "Erfurter SK"]
[PlyCount "51"]
[WhiteFideId "16205758"]
[BlackFideId "12995630"]
[EventCountry "GER"]
[EventRounds "7"]
[EventType "team-swiss"]
[EventDate "2017.12.26"]

1. e4 d5 2. exd5 Qxd5 3. Nc3 Qa5 4. d4 Nf6 5. Bd2 Bg4 6. Be2 Bxe2 7. Qxe2 Nc6
8. Nf3 O-O-O 9. Ne4 Qf5 10. Nxf6 gxf6 11. Qc4 Qe4+ 12. Be3 Bh6 13. O-O Bxe3 14.
fxe3 Qxe3+ 15. Kh1 e6 16. Rad1 Qe4 17. Rd2 h5 18. Rfd1 Rhg8 19. Qe2 Qxe2 20.
Rxe2 e5 21. Red2 e4 22. Ng1 Ne7 23. Rf2 f5 24. c3 Rg6 25. Nh3 Rf6 26. Rf4
1/2-1/2

[Event "DVM U14w 2017"]
[Site "Neumünster GER"]
[Date "2017.12.30"]
[Round "7"]
[White "Wagner, Margarethe"]
[Black "Goetz, Fenja"]
[Result "1-0"]
[Termination "normal"]
[Board "7.3"]
[WhiteElo "1490"]
[BlackElo "1402"]
[WhiteTeam "Erfurter SK"]
[BlackTeam "SK Bad Homburg"]
[PlyCount "47"]
[WhiteFideId "16236947"]
[BlackFideId "16250516"]
[EventCountry "GER"]
[EventRounds "7"]
[EventType "team-swiss"]
[EventDate "2017.12.26"]

1. e4 c5 2. Nf3 Nc6 3. d4 cxd4 4. Nxd4 g6 5. c4 Bg7 6. Be3 Nf6 7. Nc3 d6 8. Be2
Bd7 9. O-O O-O 10. f3 a6 11. Qd2 e6 12. Rad1 Ne8 13. c5 Qc7 14. cxd6 Qxd6 15.
Nxc6 Qxd2 16. Ne7+ Kh8 17. Rxd2 Rd8 18. Bb6 Nf6 19. Bxd8 Rxd8 20. e5 Ng8 21.
Nxg8 Kxg8 22. Rfd1 Bxe5 23. Rxd7 Rxd7 24. Rxd7 1-0

[Event "DVM U14w 2017"]
[Site "Neumünster GER"]
[Date "2017.12.30"]
[Round "7"]
[White "Rahimova, Sarah"]
[Black "Westerhoff, Emily"]
[Result "1-0"]
[Termination "normal"]
[Board "7.4"]
[WhiteElo "1072"]
[BlackElo "879"]
[WhiteTeam "SK Bad Homburg"]
[BlackTeam "Erfurter SK"]
[PlyCount "105"]
[WhiteFideId "16255801"]
[BlackFideId "16255798"]
[EventCountry "GER"]
[EventRounds "7"]
[EventType "team-swiss"]
[EventDate "2017.12.26"]

1. e4 c5 2. Nc3 Nc6 3. f4 d6 4. Bc4 Nf6 5. Nf3 g6 6. O-O Bg7 7. Qe1 O-O 8. Qh4
h6 9. d3 Kh7 10. Ng5+ Kg8 11. Nf3 Nd4 12. Nxd4 cxd4 13. Nd5 e6 14. Nxf6+ Bxf6
15. Qxh6 Bg7 16. Qg5 Qxg5 17. fxg5 a6 18. a4 Bd7 19. Bf4 e5 20. Bd2 b5 21. axb5
Bxb5 22. Bxb5 axb5 23. Bb4 Rfd8 24. Rxa8 Rxa8 25. Bxd6 Ra2 26. Rb1 f6 27. gxf6
Bxf6 28. Kf2 Kf7 29. Ke2 Ke6 30. Ba3 Kd7 31. Kd2 Kc6 32. c3 Kb6 33. Kc2 Be7 34.
Kb3 Bxa3 35. Kxa2 Bc5 36. cxd4 Bxd4 37. h4 b4 38. Kb3 Kb5 39. g4 Bc5 40. h5
gxh5 41. gxh5 Bf8 42. Rh1 Kc5 43. h6 Bxh6 44. Rxh6 Kd4 45. Kxb4 Kxd3 46. Rh4
Kc2 47. b3 Kd3 48. Kc5 Kc3 49. b4 Kb3 50. b5 Ka4 51. b6 Ka5 52. Rh7 Ka6 53.
Ra7# 1-0

[Event "DVM U14w 2017"]
[Site "Neumünster GER"]
[Date "2017.12.30"]
[Round "7"]
[White "Werner, Rosalie"]
[Black "Rothenberg, Nina"]
[Result "0-1"]
[Termination "normal"]
[Board "8.1"]
[WhiteElo "1546"]
[BlackElo "1587"]
[WhiteTeam "VSG 1880 Offenbach"]
[BlackTeam "TuRa Harksheide Norderstedt"]
[PlyCount "120"]
[WhiteFideId "16223748"]
[BlackFideId "16208943"]
[EventCountry "GER"]
[EventRounds "7"]
[EventType "team-swiss"]
[EventDate "2017.12.26"]

1. e4 e6 2. d4 d5 3. e5 c5 4. c3 Nc6 5. Nf3 Qb6 6. a3 cxd4 7. cxd4 Bd7 8. Nc3
f6 9. Bd3 fxe5 10. dxe5 Nge7 11. O-O g6 12. Bg5 Bg7 13. Re1 O-O-O 14. Rc1 Kb8
15. Bxe7 Nxe7 16. b4 Rdf8 17. h3 h5 18. Qe2 Bh6 19. Rc2 g5 20. Nd2 g4 21. h4 g3
22. Nf3 gxf2+ 23. Qxf2 Qd8 24. Ree2 Rhg8 25. Kh1 Be8 26. a4 Bg6 27. Bxg6 Nxg6
28. g3 Ne7 29. Re1 Nf5 30. Ne2 Rf7 31. Rc3 Rfg7 32. Rg1 Qf8 33. Rb3 Qc8 34. Rc3
Qd7 35. Ra3 Qc6 36. Nfd4 Qc8 37. Nxf5 exf5 38. Nf4 Qf8 39. Raa1 Qxb4 40. Nxh5
Rc7 41. Qxf5 Rf8 42. Nf6 Bg7 43. Nd7+ Rxd7 44. Qxd7 Qe4+ 45. Kh2 Bxe5 46. Rg2
Rh8 47. Kg1 Bxa1 48. Qd6+ Ka8 49. Qd7 Be5 50. Qh3 Qxa4 51. Kh1 d4 52. Qg4 Qc6
53. Qh3 Qd6 54. Qg4 d3 55. Kh2 d2 56. Rxd2 Qxd2+ 57. Kh3 Qe1 58. Kg2 Rf8 59.
Qg5 Qf1+ 60. Kh2 Rf2# 0-1

[Event "DVM U14w 2017"]
[Site "Neumünster GER"]
[Date "2017.12.30"]
[Round "7"]
[White "Löding, Sarah-Marie"]
[Black "Buchholz, Maja"]
[Result "0-1"]
[Termination "normal"]
[Board "8.2"]
[WhiteElo "1169"]
[BlackElo "1266"]
[WhiteTeam "TuRa Harksheide Norderstedt"]
[BlackTeam "VSG 1880 Offenbach"]
[PlyCount "80"]
[WhiteFideId "16245164"]
[BlackFideId "16200500"]
[EventCountry "GER"]
[EventRounds "7"]
[EventType "team-swiss"]
[EventDate "2017.12.26"]

1. e4 c5 2. d3 d6 3. c3 Nf6 4. Nd2 Nc6 5. g3 g6 6. Bg2 Bg7 7. Ngf3 O-O 8. O-O
Rb8 9. Qc2 Bd7 10. Re1 b5 11. a3 a5 12. c4 b4 13. Rb1 Qc8 14. Nb3 a4 15. Nbd2
b3 16. Qd1 Bh3 17. Nf1 Bxg2 18. Kxg2 Rd8 19. e5 dxe5 20. Nxe5 Nxe5 21. Rxe5 Qc7
22. Bf4 Rbc8 23. Be3 Ng4 24. Rd5 Nxe3+ 25. Nxe3 Qc6 26. Kg1 e6 27. Rg5 Qd7 28.
Rg4 Qxd3 29. Qxd3 Rxd3 30. h4 Rd2 31. Nd1 Rcd8 32. Nc3 Bxc3 33. bxc3 b2 34. Kg2
Rb8 35. Re4 Rc2 36. Ree1 Rxc3 37. Red1 Rxa3 38. Rd2 Rab3 39. Rbd1 Kg7 40. Kh3
a3 0-1

[Event "DVM U14w 2017"]
[Site "Neumünster GER"]
[Date "2017.12.30"]
[Round "7"]
[White "Dixon, Laura Michaela"]
[Black "Foos, Vanessa"]
[Result "1-0"]
[Termination "normal"]
[Board "8.3"]
[WhiteElo "1105"]
[BlackElo "1207"]
[WhiteTeam "VSG 1880 Offenbach"]
[BlackTeam "TuRa Harksheide Norderstedt"]
[PlyCount "49"]
[WhiteFideId "16248708"]
[BlackFideId "16245270"]
[EventCountry "GER"]
[EventRounds "7"]
[EventType "team-swiss"]
[EventDate "2017.12.26"]

1. e4 e5 2. Nf3 Nc6 3. Bc4 Bc5 4. c3 Nf6 5. d4 exd4 6. e5 Ng4 7. cxd4 Bb4+ 8.
Bd2 Bxd2+ 9. Qxd2 d5 10. Bb5 O-O 11. O-O Bd7 12. Nc3 a6 13. Bd3 Nh6 14. Nxd5
Bg4 15. Be4 f5 16. exf6 Re8 17. Qg5 Qd7 18. Ne5 Nxe5 19. dxe5 Bf5 20. Rad1 Kf8
21. Ne7 Rxe7 22. Rxd7 Rxd7 23. Bxf5 Nxf5 24. Qxf5 Rad8 25. e6 1-0

[Event "DVM U14w 2017"]
[Site "Neumünster GER"]
[Date "2017.12.30"]
[Round "7"]
[White "Karlinger De la Quintana, Ainhoa"]
[Black "Stowicek, Yara Mathilda"]
[Result "1/2-1/2"]
[Termination "normal"]
[Board "9.1"]
[WhiteElo "1436"]
[BlackElo "1496"]
[WhiteTeam "SC Vaterstetten"]
[BlackTeam "USV Halle"]
[PlyCount "46"]
[WhiteFideId "16217268"]
[BlackFideId "16203569"]
[EventCountry "GER"]
[EventRounds "7"]
[EventType "team-swiss"]
[EventDate "2017.12.26"]

1. b4 c6 2. c4 Qb6 3. Qb3 d6 4. Bb2 e5 5. Nf3 Nf6 6. e3 Be7 7. Be2 h6 8. O-O
O-O 9. Nc3 Be6 10. a3 Nbd7 11. Qc2 d5 12. cxd5 cxd5 13. Rac1 Rac8 14. Qb1 a6
15. Qa1 e4 16. Nd4 Rfe8 17. Rc2 Qd6 18. Rfc1 Nb6 19. d3 exd3 20. Bxd3 Ng4 21.
Nf3 Nf6 22. Rd2 Red8 23. Bc2 Nc4 1/2-1/2

[Event "DVM U14w 2017"]
[Site "Neumünster GER"]
[Date "2017.12.30"]
[Round "7"]
[White "Delgado, Celina"]
[Black "Schmitt, Xenia"]
[Result "1-0"]
[Termination "normal"]
[Board "9.2"]
[WhiteElo "1440"]
[BlackElo "1065"]
[WhiteTeam "USV Halle"]
[BlackTeam "SC Vaterstetten"]
[PlyCount "95"]
[WhiteFideId "12993735"]
[BlackFideId "16241614"]
[EventCountry "GER"]
[EventRounds "7"]
[EventType "team-swiss"]
[EventDate "2017.12.26"]

1. d4 d5 2. Bf4 Nf6 3. Nf3 Bg4 4. Nbd2 e6 5. e3 Bxf3 6. Qxf3 Nc6 7. a3 Bd6 8.
Bg3 Bxg3 9. Qxg3 Qd7 10. Qxg7 O-O-O 11. Qxf6 Qe7 12. Qf4 f6 13. Bb5 e5 14. Qf5+
Rd7 15. Bxc6 bxc6 16. O-O-O exd4 17. exd4 Re8 18. Nf3 Qe6 19. Qxe6 Rxe6 20.
Rhe1 Rxe1 21. Rxe1 Rd8 22. Re7 h5 23. Re6 Rg8 24. g3 Rf8 25. Rxc6 f5 26. Re6 f4
27. gxf4 Rxf4 28. Re3 h4 29. Kd1 Re4 30. Rxe4 dxe4 31. Nxh4 Kd7 32. Ke2 Ke6 33.
Ke3 Kd5 34. Ng6 a5 35. h4 Ke6 36. h5 Kf6 37. f4 Kf5 38. Nh4+ Kf6 39. Kxe4 Kg7
40. f5 Kh6 41. f6 Kxh5 42. f7 Kxh4 43. f8=Q Kg5 44. Qf5+ Kh6 45. Qg4 Kh7 46.
Kf5 Kh8 47. Kf6 c5 48. Qg7# 1-0

[Event "DVM U14w 2017"]
[Site "Neumünster GER"]
[Date "2017.12.30"]
[Round "7"]
[White "Röll, Laura"]
[Black "Voigt, Anastasia"]
[Result "0-1"]
[Termination "normal"]
[Board "9.3"]
[WhiteElo "1006"]
[BlackElo "1350"]
[WhiteTeam "SC Vaterstetten"]
[BlackTeam "USV Halle"]
[PlyCount "72"]
[WhiteFideId "16213394"]
[BlackFideId "16235223"]
[EventCountry "GER"]
[EventRounds "7"]
[EventType "team-swiss"]
[EventDate "2017.12.26"]

1. e4 e5 2. Nf3 Nc6 3. Bc4 Bc5 4. Nc3 Nf6 5. d3 d6 6. h3 a6 7. Bg5 O-O 8. Nd5
Be6 9. Nxf6+ gxf6 10. Bh6 Re8 11. Qe2 Ne7 12. Bxe6 fxe6 13. O-O-O Ng6 14. g3 c6
15. Nh4 Qe7 16. Qg4 Qf7 17. f4 Be3+ 18. Kb1 Kh8 19. Rde1 exf4 20. gxf4 Bf2 21.
f5 Ne5 22. Qg2 Bxh4 23. Reg1 Bg5 24. Bxg5 fxg5 25. h4 g4 26. d4 Nf3 27. Rf1 h5
28. fxe6 Qxe6 29. Qe2 Qxe4 30. Qxe4 Rxe4 31. Kc1 Rae8 32. Rd1 Nxd4 33. c3 Nb5
34. Rhf1 d5 35. Kc2 Re2+ 36. Kd3 R8e3# 0-1

[Event "DVM U14w 2017"]
[Site "Neumünster GER"]
[Date "2017.12.30"]
[Round "7"]
[White "Bardorz, Jana"]
[Black "Becker, Linda"]
[Result "1/2-1/2"]
[Termination "normal"]
[Board "10.1"]
[WhiteElo "1542"]
[BlackElo "1420"]
[WhiteTeam "SK Neumarkt"]
[BlackTeam "SG Porz"]
[PlyCount "73"]
[WhiteFideId "16208897"]
[BlackFideId "16244753"]
[EventCountry "GER"]
[EventRounds "7"]
[EventType "team-swiss"]
[EventDate "2017.12.26"]

1. e4 e6 2. d4 d5 3. Nd2 c5 4. exd5 exd5 5. Ngf3 Nc6 6. Bb5 Qb6 7. Qe2+ Be7 8.
dxc5 Qxc5 9. Nb3 Qd6 10. O-O Qe6 11. Re1 Qxe2 12. Rxe2 a6 13. Bd3 Nf6 14. Nbd4
Nxd4 15. Nxd4 Kd8 16. Bf4 Bc5 17. Nb3 Bb6 18. Rd2 Ke7 19. Rad1 Rd8 20. Bg3 h6
21. c3 Bg4 22. Be2 Bxe2 23. Rxe2+ Kf8 24. Red2 Re8 25. Nd4 Ne4 26. Rd3 Nxg3 27.
hxg3 Rad8 28. Kf1 Re7 29. Nf3 Red7 30. c4 d4 31. b4 Ba7 32. c5 b6 33. Ne5 Rc7
34. Rxd4 Rxd4 35. Rxd4 bxc5 36. Rc4 Ke7 37. Nd3 1/2-1/2

[Event "DVM U14w 2017"]
[Site "Neumünster GER"]
[Date "2017.12.30"]
[Round "7"]
[White "Sinner, Joselyne"]
[Black "Schilay, Maria"]
[Result "1-0"]
[Termination "normal"]
[Board "10.2"]
[WhiteElo "1652"]
[BlackElo "1331"]
[WhiteTeam "SG Porz"]
[BlackTeam "SK Neumarkt"]
[PlyCount "75"]
[WhiteFideId "16210387"]
[BlackFideId "12942979"]
[EventCountry "GER"]
[EventRounds "7"]
[EventType "team-swiss"]
[EventDate "2017.12.26"]

1. e4 e5 2. Nf3 Nc6 3. Nc3 Nf6 4. Bb5 Bc5 5. Nxe5 Nxe5 6. d4 Bd6 7. dxe5 Bxe5
8. O-O O-O 9. Be3 Bxc3 10. bxc3 Nxe4 11. Bd3 f5 12. Bc4+ Kh8 13. Bd4 d5 14.
Bxd5 Qg5 15. Re1 Nf6 16. Bc5 Re8 17. Be7 Qg6 18. Bxf6 Rxe1+ 19. Qxe1 gxf6 20.
Rd1 c6 21. Bc4 b5 22. Rd8+ Kg7 23. Rg8+ Kh6 24. Qe3+ Qg5 25. Rxg5 fxg5 26. Be6
Bb7 27. Bxf5 Rf8 28. Qh3+ Kg7 29. Qxh7+ Kf6 30. Qxb7 Kxf5 31. Qxc6 Rd8 32.
Qxb5+ Ke6 33. h3 Rd1+ 34. Kh2 Rd5 35. Qa6+ Rd6 36. Qxa7 Rd7 37. Qe3+ Kf6 38. f4
1-0

[Event "DVM U14w 2017"]
[Site "Neumünster GER"]
[Date "2017.12.30"]
[Round "7"]
[White "Burger, Daiana"]
[Black "Ramien, Hannah"]
[Result "0-1"]
[Termination "normal"]
[Board "10.3"]
[WhiteElo "973"]
[BlackElo "1351"]
[WhiteTeam "SK Neumarkt"]
[BlackTeam "SG Porz"]
[PlyCount "70"]
[WhiteFideId "16217233"]
[BlackFideId "16209982"]
[EventCountry "GER"]
[EventRounds "7"]
[EventType "team-swiss"]
[EventDate "2017.12.26"]

1. e4 e5 2. Nf3 Nc6 3. Bc4 Nf6 4. d3 Be7 5. Bg5 d6 6. h3 a6 7. Qd2 O-O 8. Bb3
Nh5 9. c3 Bxg5 10. Nxg5 h6 11. Nf3 Nf4 12. g3 Nxh3 13. Qe3 Ng5 14. Nbd2 Qf6 15.
O-O-O Bg4 16. Rh4 Bxf3 17. Nxf3 Qxf3 18. Qxf3 Nxf3 19. Rg4 Na5 20. Rh1 Nxb3+
21. axb3 Kh7 22. Kd1 f5 23. Rxg7+ Kxg7 24. Ke2 fxe4 25. dxe4 Rf7 26. Ke3 Raf8
27. b4 Ng5 28. f4 exf4+ 29. gxf4 Rxf4 30. Rg1 Rxe4+ 31. Kd3 Rf3+ 32. Kd2 Rh4
33. Kc2 Rh2+ 34. Kb3 b5 35. Rg4 Rff2 0-1

[Event "DVM U14w 2017"]
[Site "Neumünster GER"]
[Date "2017.12.30"]
[Round "7"]
[White "Popovidi, Angeliki"]
[Black "Burger, Radena"]
[Result "1-0"]
[Termination "normal"]
[Board "10.4"]
[WhiteElo "726"]
[BlackElo "813"]
[WhiteTeam "SG Porz"]
[BlackTeam "SK Neumarkt"]
[PlyCount "85"]
[WhiteFideId "16255844"]
[BlackFideId "16217241"]
[EventCountry "GER"]
[EventRounds "7"]
[EventType "team-swiss"]
[EventDate "2017.12.26"]

1. e4 e5 2. Nf3 Nc6 3. Nc3 Bc5 4. Bb5 a6 5. Bxc6 bxc6 6. Nxe5 Qe7 7. Nf3 a5 8.
d4 Bb6 9. O-O Ba6 10. Re1 d6 11. d5 Qf6 12. Qd2 h6 13. dxc6 Bc8 14. Nd5 Qg6 15.
Nxb6 Bg4 16. Qe3 Ra6 17. Nd5 Rxc6 18. Nf4 Qf6 19. e5 dxe5 20. Nxe5 Re6 21. Nxe6
Bxe6 22. Qe4 Ne7 23. Qa4+ Nc6 24. Qxc6+ Bd7 25. Qxd7+ Kf8 26. Qxf7+ Qxf7 27.
Nxf7 Kxf7 28. Bd2 a4 29. Bb4 Rb8 30. Ba3 c6 31. Re7+ Kg8 32. Rae1 Kh7 33. Bd6
Rg8 34. R1e4 c5 35. Bxc5 a3 36. bxa3 Kh8 37. Bd4 Kh7 38. Rg4 h5 39. Rh4 Kh6 40.
Be3+ Kh7 41. Rxh5+ Kg6 42. Rg5+ Kf6 43. Ree5 1-0